[Event "Challenge"]
[Site "http://www.queenalice.com/game.php?id=1802318"]
[Date "2022.12.20"]
[Round "-"]
[White "Excsiu"]
[Black "Denderlersidst"]
[Result "1-0"]
[WhiteElo "1774"]
[BlackElo "1826"]

1. e4 e5 2. a3 Nf6 3. Nc3 c6 4. Nf3 d5 5. exd5 e4 6. Qe2 cxd5 7. Ne5 Bd6 8. d4
Qb6 9. Qd2 Nc6 10. Qg5 O-O 11. Bd2 Qxb2 12. Ra2 Qb6 13. Bb5 a6 14. Bxc6 bxc6 15.
Nd1 Qb1 16. Rb2 h6 17. Qg3 Qxb2 18. Nxb2 Rb8 19. Nd1 Nh5 20. Qh4 Nf6 21. O-O Re8
22. Bxh6 Bxe5 23. dxe5 Rxe5 24. Qg3 Ng4 25. Bf4 f6 26. h3 g5 27. Bc1 d4 28. f4
exf3 29. hxg4 fxg2 30. Rxf6 Reb5 31. Qc7 R8b7 32. Rg6+ Kf8 33. Qd8+ Kf7 34. Rf6+
Kg7 35. Qf8+ Kh7 36. Qh6+ Kg8 37. Qf8+ Kh7 38. Qh6+ Kg8 39. Rg6+ Kf7 40. Qg7+
Ke8 41. Qg8+ Kd7 42. Bf4 gxf4 43. Qh7+ Kd8 44. Rg8# 1-0

[Event "Challenge"]
[Site "http://www.queenalice.com/game.php?id=1802319"]
[Date "2022.12.20"]
[Round "-"]
[White "Excsiu"]
[Black "Curie"]
[Result "1-0"]
[WhiteElo "1728"]
[BlackElo "1519"]

1. e4 e5 2. a3 Nf6 3. Nc3 Bc5 4. Nf3 O-O 5. Bc4 Nc6 6. O-O a6 7. Ba2 d6 8. h3
Nd4 9. Re1 Nh5 10. Nd5 c6 11. Ne3 h6 12. b4 Bb6 13. c3 Ne6 14. Bb3 a5 15. d4
Nef4 16. Bb2 Be6 17. Rb1 Qf6 18. Bxe6 fxe6 19. Ng4 Qg6 20. bxa5 Bxa5 21. Nh4 Qg5
22. Nf3 Qg6 23. Re3 Bb6 24. Nh4 Qg5 25. Nf3 Qg6 26. Bc1 Ra6 27. Re1 exd4 28.
cxd4 Ba5 29. Bd2 Nd3 30. Re3 Nhf4 31. Nh4 Qh5 32. Rxd3 b5 33. Bxf4 Rxf4 34. Nf6+
1-0

[Event "Challenge"]
[Site "http://www.queenalice.com/game.php?id=1802321"]
[Date "2022.12.20"]
[Round "-"]
[White "Excsiu"]
[Black "Piondanslevent"]
[Result "1-0"]
[WhiteElo "1748"]
[BlackElo "1597"]

1. e4 c5 2. b3 e5 3. Nf3 d6 4. Nc3 a6 5. h3 b5 6. a3 Nf6 7. d3 Bb7 8. h4 Be7 9.
Bg5 O-O 10. Be2 h6 11. Be3 Nc6 12. Nd2 b4 13. Nd5 Nxd5 14. exd5 Nb8 15. axb4
cxb4 16. Nc4 Bxd5 17. Bf3 Bxf3 18. Qxf3 Nd7 19. g3 Qc8 20. O-O Nc5 21. Nb6 Qb7
22. Qxb7 Nxb7 23. Nxa8 Rxa8 24. Rfd1 a5 25. d4 e4 26. Rdc1 d5 27. c3 bxc3 28.
Rxc3 Bb4 29. Rc7 Rb8 30. Rd7 f5 31. Bf4 Rc8 32. Rxb7 Rf8 33. Rc1 Ra8 34. Rcc7 a4
35. Rxg7+ Kh8 36. Be5 Bc3 37. Rh7+ Kg8 38. Rbg7+ 1-0

[Event "Challenge"]
[Site "http://www.queenalice.com/game.php?id=1802322"]
[Date "2022.12.20"]
[Round "-"]
[White "Excsiu"]
[Black "australia"]
[Result "1-0"]
[WhiteElo "1749"]
[BlackElo "1813"]

1. e4 e5 2. a3 Qf6 3. Nf3 a6 4. Nc3 c6 5. g4 h6 6. g5 hxg5 7. Na4 c5 8. Rg1 Rh5
9. d3 Qd8 10. Nxe5 Nf6 11. Nc4 b5 12. Bxg5 g6 13. Nab6 Ra7 14. Nxc8 Qxc8 15. Ne3
Nh7 16. Bf4 Nc6 17. Be2 Rh6 18. Bxh6 Bxh6 19. Rg3 Qd8 20. Rh3 Qg5 21. Ng4 Bf8
22. Rxh7 d6 23. Qd2 Qd8 24. Rh8 Kd7 25. Qf4 Kc8 26. Qf6 Re7 27. Nh6 Ne5 28. f4
Nc6 29. Nxf7 Qd7 30. Rxf8+ Kc7 31. O-O-O Kb6 32. Qxg6 Qc7 33. Bg4 Nd4 34. Qf6
Ka5 35. Nxd6 Nc6 36. Qc3+ Kb6 37. Rf6 Rg7 38. Nc8+ Kb7 39. Nd6+ Kb6 40. Ne8 Qe7
41. Rxc6+ Kxc6 42. Nxg7 Qh4 43. Rg1 Qxh2 44. Rd1 Qxf4+ 45. Qd2 Qxg4 46. Qh6+ Kb7
47. Ne6 1-0

[Event "Challenge"]
[Site "http://www.queenalice.com/game.php?id=1807255"]
[Date "2023.3.5"]
[Round "-"]
[White "Excsiu"]
[Black "steve_sharp"]
[Result "1-0"]
[WhiteElo "1701"]
[BlackElo "1745"]

1. d4 d5 2. h3 Nf6 3. Nf3 Bf5 4. g4 Bg6 5. h4 h6 6. Rg1 e6 7. e3 c5 8. Bb5+ Nc6
9. Nc3 Qc7 10. Ne5 Bh7 11. Qe2 O-O-O 12. Bxc6 bxc6 13. Qa6+ Qb7 14. Qa4 cxd4 15.
exd4 Kc7 16. Nxf7 1-0

[Event "Challenge"]
[Site "http://www.queenalice.com/game.php?id=1808857"]
[Date "2023.3.29"]
[Round "-"]
[White "Charles56"]
[Black "Excsiu"]
[Result "0-1"]
[WhiteElo "1545"]
[BlackElo "1719"]

1. e4 c5 2. Nc3 Nc6 3. h3 d6 4. Bb5 Bd7 5. d3 Nf6 6. Bg5 a6 7. Ba4 b5 8. Bxf6
exf6 9. g4 bxa4 10. Nxa4 g6 11. h4 h5 12. g5 Bg7 13. gxf6 Bxf6 14. Nf3 Bg4 15.
Qe2 O-O 16. Qe3 Qa5+ 17. Nc3 Bxc3+ 18. bxc3 Qxc3+ 0-1

[Event "Challenge"]
[Site "http://www.queenalice.com/game.php?id=1808858"]
[Date "2023.3.29"]
[Round "-"]
[White "IMONTELO"]
[Black "Excsiu"]
[Result "0-1"]
[WhiteElo "1758"]
[BlackElo "1758"]

1. e4 c5 2. Nf3 d6 3. g3 e5 4. c3 Nf6 5. Qb3 Bg4 6. Ng5 Bh5 7. Be2 Bg6 8. Qxb7
Nbd7 9. Bb5 Rb8 10. Bxd7+ Nxd7 11. Qxa7 Ra8 12. Qb7 Rb8 13. Qa7 Qxg5 14. O-O Be7
15. d3 Qf6 16. Qa4 Qf3 17. Nd2 Qxd3 18. Qc6 Bg5 19. f4 exf4 20. gxf4 Bh4 21. Nf3
Bxe4 22. Ne5 dxe5 23. Qc7 Qc2 0-1

[Event "Challenge"]
[Site "http://www.queenalice.com/game.php?id=1813521"]
[Date "2023.6.9"]
[Round "-"]
[White "Excsiu"]
[Black "freeman4"]
[Result "0-1"]
[WhiteElo "1792"]
[BlackElo "1484"]

1. e4 e5 2. Nf3 Nf6 3. Nc3 Nc6 4. a3 Bc5 5. Nxe5 Bxf2+ 6. Kxf2 Nxe5 7. d4 Neg4+
8. Kg1 d6 9. a4 O-O 10. h3 Nh6 11. g4 Nhxg4 0-1

[Event "Challenge"]
[Site "http://www.queenalice.com/game.php?id=1834138"]
[Date "2024.3.25"]
[Round "-"]
[White "Piondanslevent"]
[Black "Excsiu"]
[Result "1-0"]
[WhiteElo "1644"]
[BlackElo "1767"]

1. d4 d5 2. b3 c6 3. e3 b5 4. Nf3 Na6 5. a3 e6 6. c3 c5 7. Bd3 Bd6 8. O-O Nf6 9.
Qc2 O-O 10. Bxb5 e5 11. dxe5 Bxe5 12. Nxe5 Ne4 13. Nf3 Qf6 14. Bb2 c4 15. bxc4
Bf5 16. Bxa6 Qxa6 17. Qd1 Qxc4 18. Nd4 Nd6 19. Nxf5 Nxf5 20. Nd2 Qa6 21. a4 Qf6
22. Qc2 Qg6 23. c4 Rfc8 24. c5 Rc6 25. Nb3 h6 26. Rad1 Rd8 27. Qc3 Rdc8 28. f3
Qg5 29. Rxd5 Rg6 30. g4 Re8 31. e4 Qe3+ 32. Qxe3 Nxe3 33. Rd6 Nxf1 34. Rxg6 fxg6
35. Kxf1 Rb8 36. c6 Rxb3 37. Be5 1-0

[Event "Challenge"]
[Site "http://www.queenalice.com/game.php?id=1834637"]
[Date "2024.4.6"]
[Round "-"]
[White "Connor"]
[Black "Excsiu"]
[Result "0-1"]
[WhiteElo "1872"]
[BlackElo "1746"]

1. d4 d5 2. e3 a6 3. c4 e6 4. Nf3 Nh6 5. Nc3 Bb4 6. cxd5 exd5 7. Bd2 O-O 8. Be2
Nc6 9. O-O Bd6 10. a3 Ng4 11. h3 Nh6 12. Nxd5 Be6 13. Nc3 Na7 14. Ne4 f5 15.
Nxd6 cxd6 16. Rc1 b5 17. b4 g5 18. e4 Nf7 19. Bd3 f4 20. Nh2 Qe7 21. Qh5 Rfd8
22. e5 dxe5 23. Qxh7+ Kf8 24. Nf3 Rac8 25. Rxc8 Nxc8 26. Nxe5 Nxe5 27. dxe5 Qxh7
28. Bxh7 Rxd2 29. Ra1 Re2 30. a4 Rxe5 31. f3 Rd5 32. Be4 Rd4 33. axb5 axb5 34.
Ra8 Kf7 35. Rb8 Rxb4 36. Bc6 Rb1+ 37. Kf2 Bc4 38. g3 Rb2+ 39. Kg1 Nd6 40. gxf4
gxf4 41. Rh8 Nf5 42. Be4 Ng3 43. Rh4 Ke6 44. Rxf4 Bf1 45. Rg4 Rg2# 0-1

[Event "Challenge"]
[Site "http://www.queenalice.com/game.php?id=1841317"]
[Date "2024.8.2"]
[Round "-"]
[White "okiwiz"]
[Black "Excsiu"]
[Result "1-0"]
[WhiteElo "1767"]
[BlackElo "1753"]

1. d4 d5 2. e3 Nf6 3. Bd3 a6 4. Nf3 Bg4 5. O-O c5 6. Nbd2 cxd4 7. exd4 Qc7 8.
Qe1 e6 9. Ne5 Bd6 10. f4 Bh5 11. Qh4 Qb6 12. c3 Nc6 13. g4 Bxe5 14. fxe5 O-O-O
15. exf6 Bg6 16. Bxg6 hxg6 17. Qg5 Rh7 18. fxg7 Rxg7 19. Qf6 Rdg8 20. Nb3 g5 21.
Nc5 Qc7 22. Be3 Rh7 23. Rf2 Rg6 24. Qe5 Nxe5 25. dxe5 Qxe5 26. Bd4 Qd6 27. Raf1
e5 28. Be3 d4 29. cxd4 exd4 30. Ne4 Qd5 31. Nxg5 dxe3 32. Rc2+ Kd7 33. Rcc1 Qxg5
34. Rfd1+ Rd6 35. Re1 Qxg4+ 36. Kh1 1-0

[Event "Challenge"]
[Site "http://www.queenalice.com/game.php?id=1846936"]
[Date "2024.11.10"]
[Round "-"]
[White "javs"]
[Black "Excsiu"]
[Result "0-1"]
[WhiteElo "1692"]
[BlackElo "1738"]

1. c4 e6 2. Nc3 Nc6 3. Nf3 Nf6 4. e3 Bb4 5. Qc2 b6 6. d4 O-O 7. Bd3 Ba6 8. Bd2
d5 9. a3 Bxc3 10. Bxc3 dxc4 11. Be2 Ne7 12. O-O Qd5 13. Ne5 Qd6 14. Bb4 c5 15.
Nxc4 Bxc4 16. Bxc5 Qd8 17. Bxe7 Qxe7 18. Qxc4 Rac8 19. Qd3 e5 0-1